[Event "Seattle Summer Classic 2019"]
[Site "?"]
[Date "2019.08.14"]
[Round "?"]
[White "Thomas, Damarcus"]
[Black "Gorantla, Surya"]
[Result "1-0"]
[WhiteElo "1828"]
[BlackElo "1457"]
[PlyCount "23"]
[EventDate "2019.??.??"]

1. e4 e6 2. d4 d5 3. Nd2 Nf6 4. Bd3 c5 5. e5 Nfd7 6. c3 Nc6 7. Ne2 a6 8. O-O
cxd4 9. cxd4 f6 10. Nf4 Qc7 11. Qh5+ Kd8 12. Nxe6+ 1-0

[Event "Seattle Sumer Classic 2019"]
[Site "?"]
[Date "2019.08.18"]
[Round "9"]
[White "Frantz, Joseph"]
[Black "Pupols, Viktors"]
[Result "1-0"]
[WhiteElo "2047"]
[BlackElo "2200"]
[PlyCount "67"]
[EventDate "2019.??.??"]

1. e4 c6 2. d4 d5 3. Nc3 b5 4. Bd3 b4 5. Nce2 e6 6. Nf3 Nf6 7. e5 Nfd7 8. O-O
c5 9. c4 bxc3 10. bxc3 Ba6 11. Ng5 Bxd3 12. Qxd3 Nb6 13. f4 g6 14. a4 Nc4 15.
Kh1 h5 16. Nxe6 fxe6 17. Qxg6+ Kd7 18. f5 Qe7 19. fxe6+ Qxe6 20. Qxe6+ Kxe6 21.
Nf4+ Kd7 22. Ng6 Nc6 23. Nxh8 cxd4 24. cxd4 Nxd4 25. Ng6 Bc5 26. Rf7+ Ke6 27.
Rf6+ Kd7 28. Rb1 Bb6 29. Bh6 Re8 30. a5 Nxa5 31. Rd6+ Kc7 32. Rxd5 Re6 33. Be3
Nac6 34. Nf4 1-0

[Event "Seattle Summer Classic 2019"]
[Site "?"]
[Date "2019.08.18"]
[Round "9"]
[White "Vijayakumar, Advaith"]
[Black "Anand, Vignesh"]
[Result "1/2-1/2"]
[WhiteElo "1943"]
[BlackElo "2097"]
[PlyCount "104"]
[EventDate "2019.??.??"]

1. d4 Nf6 2. c4 e6 3. Nf3 d5 4. Bg5 h6 5. Bh4 Bb4+ 6. Nbd2 dxc4 7. Qa4+ Nc6 8.
e3 O-O 9. Bxc4 g5 10. Bg3 g4 11. a3 Ba5 12. b4 gxf3 13. bxa5 Bd7 14. Nxf3 Nxd4
15. Qd1 Nf5 16. Be5 c5 17. O-O Ne4 18. Qc2 Ng5 19. Nxg5 Qxg5 20. Bc3 Bc6 21. e4
Nd4 22. Bxd4 cxd4 23. f4 Qg7 24. Bd3 Rad8 25. Rf3 Kh8 26. Rg3 Qf6 27. Rf1 Rg8
28. Qf2 Rxg3 29. Qxg3 Rg8 30. Qh3 a6 31. Rf3 Bb5 32. e5 Qg7 33. Rg3 Qf8 34.
Rxg8+ Kxg8 35. Qg4+ Kh8 36. Bxb5 axb5 37. f5 d3 38. fxe6 Qc5+ 39. Kf1 Qc1+ 40.
Kf2 Qd2+ 41. Kg3 Qe3+ 42. Kh4 Qg5+ 43. Qxg5 hxg5+ 44. Kg3 d2 45. e7 d1=Q 46.
e8=Q+ Kg7 47. Qxb5 Qd4 48. Qb4 Qxe5+ 49. Kf2 Qf5+ 50. Ke2 Qd5 51. Kf2 Kg8 52.
h4 gxh4 1/2-1/2

[Event "Seattle Summer Classic 2019"]
[Site "Seattle, WA, USA"]
[Date "2019.08.18"]
[Round "9"]
[White "Kaelin, Alex"]
[Black "Kuhner, Mary"]
[Result "0-1"]
[WhiteElo "1779"]
[BlackElo "1789"]
[PlyCount "66"]
[EventDate "2019.??.??"]

1. d4 e6 2. Nc3 {Despite the outcome of that game, I didn't like this when
Rushaan played it, so I confidently went into a Dutch--} f5 3. e4 {Whoops. Of
course this is the point of 2. Nc3. Stockfish, which never likes the Dutch
anyway, gives this nearly +1. Also I had never seen it before, and being out
of book on move 3 is disconcerting. Here I spent 7 minutes trying to make sure
that Qh5+ wasn't going to kill me.} fxe4 4. Nxe4 Nf6 5. Bg5 Be7 6. Bxf6 Bxf6 7.
Nf3 {I am seriously afraid to castle; White's massed minor pieces look more
significant than any play I might get on the f-file, and I think White is
planning to castle long anyway.} b6 8. Bd3 Bb7 9. Qe2 Qe7 {This feels
artificial, but I was calculating horrors on the kingside every single move,
and I wanted to bolster it; also Alex definitely plans to castle long, so I'd
better do so too. If he can safely add the g- and h-pawns to the attack on my
king I don't see how I can survive.} 10. O-O-O a5 {I'm not at all sure this
was a good move, but I was afraid to play ...Nc6 and invite d5, and I wanted
to make him worry a little about his own king. It also secures control of the
a6 square, which my knight or bishop may want.} 11. Ne5 Bxe5 12. Qh5+ {Uh-oh.
I missed this completely.} Kd8 {Amazingly, Stockfish thinks I am better off
now than I was a few moves ago. I have trouble agreeing. My kingside and
center both look fragile, and how do I develop my queenside pieces?} (12... g6
13. Qxe5 {forks the rook and the c-pawn, after which my queenside will fall
apart.}) (12... Qf7 13. Qxe5 {is not a fork but there is no reasonable way to
defend c7 except ...Kd8.}) 13. dxe5 Kc8 14. f4 {It seems to me that f5 is a
huge threat, opening the center or kingside or both while I'm unprepared.} a4
15. a3 {In postmortems my opponent and I both questioned whether this move is
needed, though the engine likes it. I'm not sure ...a3 is a big threat given
that ...Qb2 would not be mate even if I could manage to get in there.} Ra5 {
Finding a use for the rook and discouraging f5. At this point both of us had
around an hour left to reach move 40.} 16. Qe2 {"I thought my queen was doing
nothing on the kingside," said Alex. I don't entirely agree. My queenside
pieces would struggle to meet an attack on that flank, and it might outflank
the weakness on d7 as well.} Na6 17. Bb5 {My opponent spent 27 minutes on this
move, and was visibly unsatisfied with his position. I felt I was worse, I was
tired, the tournament room was ridiculously noisy, and I thought that offering
a draw would either get me a draw or put a psychological burden on Alex.} ({
Kibitzers afterwards suggested} 17. h4 {starting that kingside
demonstration--or just preventing ...g5--and this is indeed the engine's
favorite.}) 17... Rd8 {I offered a draw here, which he declined. He had 30
minutes, I had 43.} 18. Rd4 {My opponent felt this was the start of a
non-productive queenside plan. My pieces are funny-looking but they are
beginning to coordinate.} Nc5 19. Bd3 Nxd3+ {I didn't want to trade both minor
pieces, which would leave me with holes in the queenside and White with a
ready target on d7. But getting rid of White's bishop while keeping my own
seemed good--I reckoned my king would be fairly safe behind it.} 20. Qxd3 Rd5
21. Rxd5 exd5 (21... Bxd5 22. Qa6+ Bb7 23. Qxa4) 22. Nd2 $2 {After this move I
am okay. I was much more worried about Nc3 forking d5 and a5. The engine is
calmly going to give up a pawn here, and indeed I was fairly certain I'd lose
one--not calmly though!} g5 23. g3 gxf4 24. gxf4 Rg8 {The engine likes ...Rf8
but I didn't see how I would avoid the advance of the passers. I was pleased
with this move, especially as I felt it set a kind of trap against the obvious
Re1.} 25. Re1 $2 {After this move my opponent had 4 minutes to reach move 40,
though with 30 second increment it's not as bad as it sounds. However, hitting
time trouble just as the position heated up was a huge problem for him. I had
25 minutes, not generous but okay.} Qh4 {For the first time in the game I am
better. I don't think I knew that, but I did know that my position had
improved significantly.} 26. Rf1 {It is hard to admit your previous move was
wrong, and he took all but a few seconds to do it, so from here on he was
playing on the increment.} Qxh2 27. Qd4 c5 {A multi-purpose move that advances
against White's king, gives luft to my own, and wins time against White's
queen. I was getting excited here, and Alex was clearly struggling to make
each move in 30 seconds or less.} 28. Qf2 $2 {Nearly losing. Stockfish thinks
I should trade queens and try to win the endgame, but I gave that little
thought compared to the direct attack possibilities that were suddenly opening
up.} Rg2 29. Qe3 (29. Qe1 {may be better, but looks really unnatural}) 29...
Re2 {Here I had issues of my own; the noise level was becoming intolerable and
I felt strongly that I was missing a concrete tactic. Black has many
attractive moves including ...Ba6, ...d4, and the text. So hard to choose! I
was down to 15 minutes for 11 moves, and I'm not very good in time trouble.
Also Alex' clock was distracting me!} 30. Qd3 d4 31. Kd1 Re3 32. Qc4 Bd5 33.
Qxd5 $4 (33. Qa6+ Kc7 34. Qa7+ Bb7 {was the line I calculated, and I felt
White would just have misplaced his queen and be in a very tough situation. I
didn't think he'd actually take. But the combination of extreme time trouble
and a rapidly worsening position was too much.}) 33... Qe2+ {I'd have loved to
conclude with 34. Kc1 Qe1+ but he foiled me by resigning. A bitter
disappointment for Alex, especially as he had declined a draw.} 0-1

[Event "Seattle Summer Classic 2019"]
[Site "?"]
[Date "2019.08.18"]
[Round "8"]
[White "Mary, Kuhner"]
[Black "Silas, Lianson"]
[Result "1-0"]
[WhiteElo "1789"]
[BlackElo "1761"]
[PlyCount "65"]

1. e4 c5 2. Nf3 Nc6 3. c3 d6 4. d4 e6 5. Bb5 Qa5 6. Bxc6+ bxc6 7. dxc5 Qxc5 8.
O-O Be7 9. b3 Qh5 10. Re1 e5 11. Nbd2 Qg6 12. Kh1 Nh6 13. Ba3 Be6 14. Qe2 Qh5
15. Nc4 Bxc4 16. Qxc4 O-O 17. Qxc6 Rac8 18. Qb7 Rxc3 19. Qxe7 Rxf3 20. gxf3
Qxf3+ 21. Kg1 Qg4+ 22. Kf1 Qh3+ 23. Ke2 Qg4+ 24. f3 Qg2+ 25. Ke3 Qxh2 26. Bxd6
Qf4+ 27. Ke2 Rc8 28. Rac1 Qh2+ 29. Kd3 Ra8 30. Qd7 g6 31. Rc8+ Rxc8 32. Qxc8+
Kg7 33. Qf8+ 1-0

[Event "Seattle Summer Classic 2019"]
[Site "?"]
[Date "2019.08.18"]
[Round "8"]
[White "Ralph, Anthony"]
[Black "Johan, Karukayil"]
[Result "0-1"]
[WhiteElo "1565"]
[BlackElo "1242"]
[PlyCount "54"]
[EventDate "2019.??.??"]

1. e4 e5 2. Nf3 Nc6 3. Bb5 Bc5 4. c3 Nf6 5. Qe2 d6 6. h3 Bd7 7. O-O h6 8. Rd1
O-O 9. d4 exd4 10. cxd4 Bb6 11. Nc3 Qc8 12. Bf4 Re8 13. Rd3 Nb4 14. Bxd7 Nxd7
15. Re3 c5 16. Na4 Qc6 17. Nxb6 Nxb6 18. a3 Na6 19. Rc1 Qd7 20. b3 Nc7 21. Bxd6
cxd4 22. Nxd4 Qxd6 23. Nf5 Qe5 24. Qg4 Ne6 25. Nxh6+ Kf8 26. Nf5 g6 27. Rec3
Qf4 0-1

[Event "Seattle Summer Classic 2019"]
[Site "?"]
[Date "2019.08.18"]
[Round "8"]
[White "Ignacio, Perez"]
[Black "Viktors, Pupols"]
[Result "1-0"]
[WhiteElo "2200"]
[BlackElo "2200"]
[PlyCount "103"]

1. d4 d5 2. c4 e6 3. a3 c5 4. e3 cxd4 5. exd4 Nf6 6. Nf3 Nc6 7. Nc3 Be7 8. Bd3
dxc4 9. Bxc4 O-O 10. O-O b6 11. Be3 Bb7 12. Qe2 Rc8 13. Rad1 Nd5 14. Nxd5 exd5
15. Bd3 Bf6 16. Ne5 Bxe5 17. dxe5 Nxe5 18. Bxh7+ Kxh7 19. Qh5+ Kg8 20. Qxe5 Re8
21. Qh5 Re4 22. Rd4 Qe7 23. Rfd1 Rc4 24. Rxc4 Rxc4 25. h3 d4 26. Bxd4 Qe4 27.
Qg4 Qxg4 28. hxg4 Bc8 29. f3 Be6 30. Bc3 Rc8 31. Kf2 a5 32. Rd6 b5 33. Kg3 a4
34. f4 Bc4 35. f5 Rc5 36. Kf4 Rd5 37. Rb6 Rd1 38. g5 Rf1+ 39. Ke5 Bd3 40. g4
Be2 41. g6 fxg6 42. Rxg6 Bc4 43. Ke4 Rd1 44. Rxg7+ Kf8 45. Rc7 Rg1 46. Kf4 Be2
47. Rc8+ Kf7 48. g5 Rg4+ 49. Ke3 Bc4 50. g6+ Ke7 51. f6+ Kd7 52. f7 1-0

[Event "Seattle Summer Classic 2019"]
[Site "?"]
[Date "2019.08.18"]
[Round "9"]
[White "Truelson, Joseph"]
[Black "Perez, Ignacio"]
[Result "0-1"]
[WhiteElo "2239"]
[BlackElo "2200"]
[PlyCount "78"]
[EventDate "2019.??.??"]

1. e4 d6 2. d4 g6 3. Nc3 Bg7 4. Bf4 Nd7 5. Nf3 e5 6. dxe5 dxe5 7. Be3 Ngf6 8.
Bc4 O-O 9. O-O c6 10. Qd2 Qe7 11. Rfd1 Nc5 12. Bxc5 Qxc5 13. Bb3 Bg4 14. Na4
Qe7 15. Qe3 Rae8 16. h3 Bc8 17. Nc3 Nh5 18. Qxa7 Nf4 19. Kh2 Kh8 20. Qa3 Qf6
21. Rd6 Ne6 22. Ne2 Rg8 23. Qa5 Bf8 24. Rdd1 Nc5 25. Ng3 h5 26. Qc7 Nxb3 27.
axb3 h4 28. Ne2 g5 29. Ra8 Bc5 30. Rxc8 Rxc8 31. Qxb7 Bxf2 32. Rd7 Rcf8 33. Qc7
g4 34. hxg4 Bg3+ 35. Nxg3 hxg3+ 36. Kh3 Rxg4 37. Qxe5 Qxe5 38. Nxe5 Rg7 39.
Nxc6 Rfg8 0-1

[Event "Seattle Summer Classic 2019"]
[Site "?"]
[Date "2019.08.18"]
[Round "6"]
[White "Ignacio, Perez"]
[Black "Rushaan, Mahajan"]
[Result "0-1"]
[WhiteElo "2200"]
[BlackElo "2105"]
[PlyCount "120"]
[EventDate "2019.??.??"]

1. d4 Nf6 2. Nf3 e6 3. Bg5 c5 4. e3 Be7 5. Nbd2 b6 6. Bd3 Bb7 7. O-O O-O 8. c4
cxd4 9. exd4 d5 10. Qe2 dxc4 11. Nxc4 Nbd7 12. Rad1 Rc8 13. Nce5 Nd5 14. Qe4 f5
15. Qh4 Nxe5 16. dxe5 Bxg5 17. Qxg5 Qxg5 18. Nxg5 Nf4 19. Bb5 h6 20. g3 hxg5
21. gxf4 gxf4 22. Bd7 Rc5 23. Bxe6+ Kh8 24. Rfe1 Be4 25. Bb3 Bc2 26. Bxc2 Rxc2
27. e6 Re8 28. Kg2 Rc6 29. e7 Kg8 30. Kf3 Kf7 31. Rd5 g6 32. Rde5 Rc2 33. h4
Rxb2 34. h5 Rxa2 35. hxg6+ Kxg6 36. Rd5 Kf6 37. Rd6+ Kf7 38. Rh6 Kg7 39. Rh2
Ra4 40. Rg1+ Kf6 41. Rh6+ Ke5 42. Rg7 Ra3+ 43. Kg2 Rc3 44. Rf7 f3+ 45. Kg3 Rg8+
46. Kh2 Rc1 47. Rg7 Re8 48. Rf7 Rc7 49. Rhf6 Rcxe7 50. Rxf5+ Ke4 51. Rf4+ Kd3
52. Rxf3+ Ke2 53. R7f6 Rg7 54. Rg3 Rh8+ 55. Kg2 Rxg3+ 56. fxg3 Rh7 57. g4 Kd3
58. g5 b5 59. g6 Rg7 60. Kf3 a5 {and black went on to win.} 0-1

[Event "Seattle Summer Classic 2019"]
[Site "?"]
[Date "2019.08.18"]
[Round "7"]
[White "Damarcus, Thomas"]
[Black "Ignacio, Perez"]
[Result "0-1"]
[WhiteElo "1828"]
[BlackElo "2200"]
[PlyCount "86"]

1. e4 d6 2. d4 g6 3. Nf3 Bg7 4. Bd3 e5 5. Bg5 Ne7 6. c3 Nd7 7. Bc2 h6 8. Be3
O-O 9. dxe5 dxe5 10. Qd2 Kh7 11. O-O Nc6 12. Rd1 Qe7 13. Qe2 Nc5 14. Bxc5 Qxc5
15. Bb3 Nd8 16. Na3 Ne6 17. Rd5 Qe7 18. g3 c6 19. Rd2 Nc5 20. Bc2 Bg4 21. b4
Ne6 22. Kg2 a5 23. Nc4 axb4 24. cxb4 Nd4 25. Rxd4 exd4 26. Bd3 b5 27. Na5 c5
28. e5 c4 29. Be4 d3 30. Qe3 Bxf3+ 31. Qxf3 Qxe5 32. Re1 Qc3 33. Rh1 Rae8 34.
h4 f5 35. Bc6 Re1 36. Rxe1 Qxe1 37. Bxb5 Qxb4 38. Bxc4 Qxa5 39. Qxd3 h5 40. Qd6
Qe5 41. Qa6 Qe4+ 42. f3 Qc2+ 43. Kf1 Rd8 0-1

[Event "Seattle Summer Classic 2019"]
[Site "?"]
[Date "2019.08.18"]
[Round "5"]
[White "Joseph, Frantz"]
[Black "Ignacio, Perez"]
[Result "0-1"]
[WhiteElo "2047"]
[BlackElo "2200"]
[PlyCount "88"]

1. d4 Nf6 2. Nf3 g6 3. Bg5 Bg7 4. Qc1 h6 5. Bh4 O-O 6. Nbd2 d6 7. c3 Nbd7 8. e3
e5 9. Bd3 b6 10. O-O Bb7 11. Qc2 Qe8 12. e4 Nh5 13. Rae1 Nf4 14. Bc4 Nf6 15.
Bg3 N6h5 16. Nh4 Kh8 17. Bxf4 Nxf4 18. g3 Qe7 19. Ndf3 Nh3+ 20. Kg2 Ng5 21. d5
Bc8 22. Ng1 Nh7 23. Kh1 Rg8 24. f3 a5 25. Qf2 Nf6 26. Bd3 a4 27. a3 Ra5 28. c4
h5 29. h3 Nd7 30. Kh2 Nc5 31. Bc2 Ba6 32. Qe2 Bf6 33. Ng2 h4 34. Rc1 hxg3+ 35.
Kxg3 Kg7 36. Kh2 Rh8 37. Rf2 Bc8 38. Qf1 Ra8 39. Re1 Bd7 40. Re3 Bxh3 41. Nxh3
Rxh3+ 42. Kxh3 Rh8+ 43. Nh4 Bxh4 44. Rfe2 Be1+ 0-1

[Event "Seattle Summer Classic 2019"]
[Site "?"]
[Date "2019.08.17"]
[Round "4"]
[White "Ralph, Anthony"]
[Black "Ignacio, Perez"]
[Result "1/2-1/2"]
[WhiteElo "1565"]
[BlackElo "2200"]
[PlyCount "60"]

1. e4 d6 2. d4 g6 3. c4 Bg7 4. Nc3 Nf6 5. Bg5 h6 6. Bf4 O-O 7. f3 Nc6 8. d5 e5
9. Be3 Nd4 10. Nge2 c5 11. dxc6 bxc6 12. Nxd4 exd4 13. Bxd4 c5 14. Be3 Rb8 15.
Qd2 Qa5 16. Be2 Ng4 17. Nb5 Qxd2+ 18. Bxd2 Ne5 19. Bc3 Be6 20. Nxd6 Rb6 21.
O-O-O Rfb8 22. b3 Ra6 23. Kb2 Rxd6 24. Rxd6 Bxc4 25. Rd2 Bxe2 26. Rxe2 Nc4+ 27.
Kc2 Na3+ 28. Kb2 Nc4+ 29. Kc2 Na3+ 30. Kb2 Nc4+ 1/2-1/2

[Event "Seattle Summer Classic 2019"]
[Site "?"]
[Date "2019.08.14"]
[Round "1"]
[White "Ignacio, Perez"]
[Black "Alex, Kaelin"]
[Result "0-1"]
[WhiteElo "2200"]
[BlackElo "1789"]
[PlyCount "85"]
[EventDate "2019.??.??"]

1. d4 e6 2. e4 d5 3. Nc3 Nf6 4. Bg5 Be7 5. Bxf6 Bxf6 6. Nf3 dxe4 7. Nxe4 b6 8.
Bc4 Bb7 9. Qe2 Nd7 10. O-O O-O 11. Rad1 Qe7 12. Rfe1 c5 13. c3 cxd4 14. cxd4
Rfd8 15. Qe3 Qb4 16. Bb3 b5 17. Qf4 Bxe4 18. Qxe4 Nb6 19. h4 Nd5 20. Bc2 g6 21.
h5 Qd6 22. hxg6 hxg6 23. Ne5 Bxe5 24. dxe5 Qe7 25. Qg4 Kg7 26. Be4 Rac8 27.
Bxd5 exd5 28. b3 Rc2 29. Rd3 Qc5 30. Rf3 Rc1 31. Rxc1 Qxc1+ 32. Kh2 Rh8+ 33.
Kg3 Qb1 34. Rf4 Rh7 35. Qf3 Rh5 36. Rxf7+ Kh6 37. Qg4 Rg5 38. Rh7+ Kxh7 39.
Qxg5 Qe1 40. Qe7+ Kh6 41. Qf8+ Kh5 42. Qf3+ Kg5 43. Qf4+ 0-1

[Event "Seattle Summer Classic 2019"]
[Site "Seattle Chess Club"]
[Date "2019.08.14"]
[Round "1"]
[White "Gorantha, Surya"]
[Black "Whale, Nicholas"]
[Result "0-1"]
[WhiteElo "1457"]
[BlackElo "1981"]
[PlyCount "66"]
[EventDate "2019.??.??"]

1. c4 g6 2. d4 Nf6 3. Nc3 Bg7 4. e4 d6 5. Nf3 O-O 6. Be2 e5 7. d5 a5 8. Be3 Ng4
9. Bg5 f6 10. Bh4 Na6 11. h3 Nh6 12. Nh2 g5 13. Bg3 f5 14. f3 Nc5 15. Qc2 c6
16. Bf2 fxe4 17. fxe4 cxd5 18. Bxc5 d4 19. Bxd4 exd4 20. Nd5 g4 21. O-O-O gxh3
22. gxh3 Bxh3 23. Nf3 Bg2 24. Nxd4 Qg5+ 25. Kb1 Bxd4 26. Rh5 Qg7 27. Qd2 Bxe4+
28. Bd3 Rf2 29. Bxe4 Rxd2 30. Rxd2 Re8 31. Rg2 Rxe4 32. Rxg7+ Kxg7 33. Rg5+ Kf7
0-1

[Event "Seattle Summer Classic 2019"]
[Site "Seattle, WA"]
[Date "2019.08.15"]
[Round "2"]
[White "Whale, Nicholas"]
[Black "Perez, Ignacio"]
[Result "1-0"]
[WhiteElo "1981"]
[BlackElo "2209"]
[PlyCount "111"]
[EventDate "2019.??.??"]

1. e4 d6 2. d4 g6 3. Nf3 Bg7 4. Nc3 Nd7 5. Bc4 e6 6. Bg5 Ne7 {I had never seen
this setup before, but it seemed rather passive, especially for Ignacio, so
that was just fine.} 7. Qd2 h6 8. Be3 c6 9. a4 a6 10. a5 $5 {The only game to
reach this position in the chess.com database continued with} (10. O-O {
instead, but I didn't want to allow} b5) 10... Qc7 {Making me nervous about a
possible central break...} 11. O-O g5 $1 {...and also my king.} 12. h3 {
I reacted a bit too cautiously, there aren't any real threats to worry about
at the moment. This prevents ...g4 but allows other forms of counterplay.} (12.
h4 $5 {but I wasn't keen on opening my king up in such a drastic way}) ({But} 
12. Bb3 g4 $6 13. Nh4 c5 14. Ba4 {seems quite good for me}) 12... Ng6 13. Bb3 {
The bishop being loose was a problem in many lines, so I put a stop to that} ({
For instance,} 13. Rfd1 d5 {seemed like a needless tempo to give up, ie} 14.
Bd3 O-O {although I must still be better}) 13... Nf6 14. Nh2 $1 {Although the
silicon disagrees, both of us thought this was a good move, intending to
follow with f4 and open things up} e5 $6 {Thus Ignacio tried this move, but
now I get a safe, lasting advantage without risking anything- exactly what I
wanted out of the opening} ({Simply} 14... O-O {keeping all the central breaks
available is better}) 15. dxe5 dxe5 16. f3 {Permanently clamping down on g4.}
O-O 17. Rfd1 $1 {There's pretty much nothing active for Black to do, and
Stockfish already gives this more than +2} Nf4 18. Qd6 $6 Ne8 $6 {Exchanging
inaccuracies: I don't really need to trade queens here since Black's isn't
doing anything, but Ignacio spends a tempo forcing me to.} 19. Qxc7 Nxc7 20.
Na4 $1 {Aiming for b6 to constipate Black's queenside} Ne2+ 21. Kf2 Nd4 22. Nb6
Rb8 ({During the game I was worried about} 22... Nxb3 $2 {but} 23. cxb3 $1 (23.
Nxa8 $2 Nxa1 24. Nxc7 Nxc2 25. Bc5 Nd4 26. Bxf8 Bxf8 {when Black has some
compensation due to my wayward c7-knight, the bishop pair, and his own
well-placed steed}) 23... Rb8 24. Bc5 Re8 $4 (24... Be6 25. Bxf8 Bxf8 26. Ng4 {
and my pieces are much better placed than in the other line}) 25. Bd6 $1 {
wins for White}) 23. Ba4 {I took the chance to preserve my bishop for now} Be6
24. c3 $1 {The start of a deep (for me, at least) plan to win a piece, of
which I'm quite proud honestly.} Nb3 25. Bxb3 Bxb3 {This bishop seems
incredibly annoying as it now covers d1, preventing me from doubling rooks.
But it's also way out in my territory all by itself...} 26. Rd7 Nb5 (26... Ne6
$2 27. Ra3 {is a much easier trap of the bishop}) 27. c4 $1 Nd4 28. Ra3 Bc2 29.
Rc3 {Threatening the obvious Bxd4 followed by Rxc2} Bb1 {This was the position
I got hung up on at move 24, and I spent a long time trying to trap the bishop
with my rook, but finally decided that it couldn't be done. But eventually I
found} 30. Nf1 $1 {The key is just to use another piece!} f5 $1 {True to form,
Ignacio plays the most challenging continuation} 31. Nd2 $1 f4 $2 (31... fxe4
32. Nxb1 exf3 33. g4 {is a better try to confuse the issue a little, but I'm
still winning}) 32. Bxd4 exd4 33. Rc1 Bd3 34. Nb3 $1 {The point: even though
Black is given a whole free move, there's no effective way to rescue the bishop
} ({Even better is to use the other knight with} 34. Na4 $1 {, denying Black
even the faint hope of a swindle below}) 34... g4 (34... Rfd8 $1 {sets a
little trap:} 35. Rxd8+ Rxd8 36. Nc5 $4 (36. Na4 $1 {again still wins}) 36...
Bc2 $3 37. Rxc2 d3 $1 38. Rd2 $4 (38. Nxd3 Rxd3 {and I'm still up a pawn but
Black's pieces are very active}) 38... Bd4+ {Oops.}) 35. Nc5 ({Even the
cooperative} 35. hxg4 {works, though the text is much simpler:} Bf6 36. Nc5
Bh4+ 37. Kg1 Be2 38. Rxd4 $1 Rfd8 39. Nbd7 $1 {and the bishop is still trapped}
) 35... Bf6 36. Nxd3 {And 12(!) moves later, I get my reward.} Bh4+ 37. Ke2
gxf3+ 38. gxf3 Kh8 {Attempting to infiltrate on the g-file, so...} 39. Rd6 $1 {
Every tempo matters, and when playing such a strong and dangerous opponent as
Ignacio, you can never take your foot off the gas, even in a totally winning
position, as I've found to great cost in the past.} Kh7 40. Nd7 $1 Rfd8 41.
Nf6+ Kg7 42. Rg1+ Bg5 43. Rxd8 Rxd8 44. Nh5+ Kf7 45. Nhxf4 {Removing the
f-pawn so my own can get going, and there's really nothing Black can do about
it.} c5 46. Ne5+ Ke7 47. Nd5+ Ke6 48. Nd3 Rc8 49. f4 Bd8 50. Rg6+ Kf7 51. Ne5+
{Here I spent some time looking at various mating nets, and was quite pleased
when one actually occurred.} Kf8 52. Rxh6 Kg8 53. Nf6+ Kg7 54. Neg4 Bxa5 {
Ending things quickly} 55. Rh7+ Kg6 {Going backwards loses the rook to a
skewer...} 56. h4 {And going forward loses the king, as an unstoppable pawn
mate(!!) is coming.} 1-0